[Event "Sofia MGU blitz 22nd"]
[Site "Sofia"]
[Date "2018.03.03"]
[Round "2"]
[White "Tsekov, Vasil"]
[Black "Mihalev, Daniil"]
[Result "0-1"]
[WhiteElo "1690"]
[BlackElo "1693"]
[PlyCount "100"]
[EventDate "2018.03.03"]
[EventType "tourn (blitz)"]
[EventRounds "14"]
[EventCountry "BUL"]
[SourceTitle "EXT 2021"]
[Source "ChessBase"]
[SourceDate "2020.10.23"]
[SourceVersion "1"]
[SourceVersionDate "2020.10.23"]
[SourceQuality "1"]

1. e4 c5 2. Ne2 Nc6 3. Nbc3 g6 4. d4 cxd4 5. Nxd4 Bg7 6. Be3 Nf6 7. f3 0-0 8. Qd2 d5 9. 0-0-0 dxe4 10. Nxc6 Qxd2+ 11. Rxd2 bxc6 12. fxe4 Ng4 13. Bd4 Bh6 14. h3 Rd8 15. hxg4 Bxd2+ 16. Kxd2 Rxd4+ 17. Ke3 Rd6 18. g5 Be6 19. b3 Rad8 20. Bd3 Kg7 21. a4 f6 22. gxf6+ exf6 23. a5 Rb8 24. Na4 h5 25. Nc5 Bf7 26. a6 Rb6 27. Ra1 g5 28. Nb7 Re6 29. Nc5 Re7 30. Kd4 Rb4+ 31. Kc3 Rb6 32. Rf1 Bg6 33. Re1 Rb8 34. Nb7 Rbxb7 35. axb7 Rxb7 36. e5 Bxd3 37. exf6+ Kxf6 38. Kxd3 Rb5 39. Re4 Rd5+ 40. Rd4 Ke5 41. c3 Rxd4+ 42. cxd4+ Kd5 43. b4 a6 44. g3 h4 45. gxh4 gxh4 46. Ke3 h3 47. Kf3 Kxd4 48. Kg3 Kc4 49. Kxh3 Kxb4 50. Kg3 c5 0-1

[Event "Sofia MGU op 192nd"]
[Site "Sofia"]
[Date "2017.10.07"]
[Round "1"]
[White "Ivanov, Oleg2222"]
[Black "Mihalev, Daniil"]
[Result "0-1"]
[WhiteElo "1523"]
[BlackElo "1727"]
[PlyCount "66"]
[EventDate "2017.10.07"]
[EventType "swiss"]
[EventRounds "6"]
[EventCountry "BUL"]
[SourceTitle "CBM 181 Extra"]
[Source "ChessBase"]
[SourceDate "2017.12.12"]
[SourceVersion "1"]
[SourceVersionDate "2017.12.12"]
[SourceQuality "1"]

1. Nf3 g6 2. d4 Bg7 3. e4 c5 4. c3 cxd4 5. cxd4 d5 6. e5 Bg4 7. Be2 Nh6 8. 0-0 0-0 9. Nc3 Nc6 10. h3 Bxf3 11. Bxf3 Nf5 12. Be3 e6 13. Ne2 f6 14. Nf4 Qe7 15. Rc1 fxe5 16. dxe5 Nxe3 17. fxe3 Nxe5 18. Be2 Rac8 19. Rc2 Rc6 20. Qd2 Rfc8 21. Rfc1 a6 22. Nd3 Nc4 23. Qb4 Qg5 24. Nf4 Bf8 25. Qxb7 Na5 26. Qxc8 Rxc8 27. Rxc8 Qe5 28. R1c3 d4 29. R3c5 Qxe3+ 30. Kh1 Qxf4 31. Rxa5 Qd2 32. Re5 Kf7 33. Bc4 Qc1+ 0-1

[Event "Sofia MGU op 187th"]
[Site "Sofia"]
[Date "2017.07.09"]
[Round "6"]
[White "Andreev, Dobrotich"]
[Black "Mihalev, Daniil"]
[Result "1-0"]
[WhiteElo "1907"]
[BlackElo "1747"]
[PlyCount "55"]
[EventDate "2017.07.08"]
[EventType "swiss"]
[EventRounds "6"]
[EventCountry "BUL"]
[SourceTitle "CBM 179 Extra"]
[Source "ChessBase"]
[SourceDate "2017.08.23"]
[SourceVersion "1"]
[SourceVersionDate "2017.08.23"]
[SourceQuality "1"]

1. e4 c5 2. Nf3 Nc6 3. d4 cxd4 4. Nxd4 g6 5. Nc3 Bg7 6. Be3 Nf6 7. f3 0-0 8. Qd2 d5 9. 0-0-0 Nxd4 10. Bxd4 dxe4 11. fxe4 Bg4 12. Be2 Bxe2 13. Qxe2 Qa5 14. e5 Nd5 15. Qc4 e6 16. Nxd5 exd5 17. Qb3 Rfc8 18. Bc3 Qc5 19. Rxd5 Qf2 20. Rd7 Rd8 21. e6 Rxd7 22. exd7 Qxg2 23. Re1 Rf8 24. Bxg7 Kxg7 25. Qc3+ Kg8 26. Re8 Qg5+ 27. Qd2 Qg1+ 28. Qd1 1-0

[Event "Sofia MGU rap 3rd"]
[Site "Sofia"]
[Date "2017.03.26"]
[Round "3"]
[White "Mihalev, Daniil"]
[Black "Vladov, Lyubomir"]
[Result "0-1"]
[WhiteElo "1697"]
[BlackElo "1700"]
[PlyCount "80"]
[EventDate "2017.03.26"]
[EventType "swiss (rapid)"]
[EventRounds "6"]
[EventCountry "BUL"]
[SourceTitle "CBM 177 Extra"]
[Source "ChessBase"]
[SourceDate "2017.04.27"]
[SourceVersion "1"]
[SourceVersionDate "2017.04.27"]
[SourceQuality "1"]

1. d4 Nf6 2. Nf3 d6 3. c4 g6 4. g3 Bg7 5. Bg2 0-0 6. 0-0 Nbd7 7. Nc3 c6 8. Re1 e5 9. b3 Qc7 10. dxe5 Nxe5 11. Nxe5 dxe5 12. Ba3 Rd8 13. Qc2 Bf5 14. e4 Be6 15. Rad1 Bf8 16. Bxf8 Kxf8 17. Na4 b6 18. Qc1 Kg7 19. h3 Rxd1 20. Rxd1 Rd8 21. Qa1 Rxd1+ 22. Qxd1 Qd7 23. Qa1 Bxh3 24. Bxh3 Qxh3 25. Qxe5 Qg4 26. Kg2 Qxe4+ 27. Qxe4 Nxe4 28. Kf3 f5 29. Nb2 Nc3 30. a3 Nb1 31. b4 Nxa3 32. Ke3 Nc2+ 33. Kf4 Kf6 34. Nd3 a5 35. bxa5 bxa5 36. Nb2 g5+ 37. Kf3 Ke5 38. Ke2 Kd4 39. Kd2 Na3 40. c5 Nc4+ 0-1

[Event "Sofia MGU op 174th"]
[Site "Sofia"]
[Date "2016.11.06"]
[Round "5"]
[White "Andreev, Dobrotich"]
[Black "Mihalev, Daniil"]
[Result "1-0"]
[WhiteElo "1975"]
[BlackElo "1748"]
[PlyCount "69"]
[EventDate "2016.11.05"]
[EventType "swiss"]
[EventRounds "6"]
[EventCountry "BUL"]
[SourceTitle "CBM 175 Extra"]
[Source "ChessBase"]
[SourceDate "2016.12.12"]
[SourceVersion "1"]
[SourceVersionDate "2016.12.12"]
[SourceQuality "1"]

1. e4 c5 2. Nf3 g6 3. d4 cxd4 4. Qxd4 Nf6 5. e5 Nc6 6. Qc3 Nd5 7. Qd2 Nb6 8. Bd3 Bg7 9. Qe2 0-0 10. Nc3 d5 11. exd6 exd6 12. 0-0 Bg4 13. h3 Nd4 14. Qe4 Nxf3+ 15. gxf3 Bxh3 16. Rd1 d5 17. Qf4 Qf6 18. Qg3 Bf5 19. Bg5 Qe6 20. Re1 Qc8 21. Nb5 Bxd3 22. cxd3 Qc2 23. f4 Qxb2 24. Rab1 Rae8 25. Rxb2 Rxe1+ 26. Kg2 Bxb2 27. f5 Be5 28. f4 Bh8 29. Qxe1 Rc8 30. f6 a6 31. Nd4 h6 32. Bh4 Na4 33. Qe7 b5 34. Ne6 Nc3 35. Nd8 1-0

[Event "Sofia MGU op 173rd"]
[Site "Sofia"]
[Date "2016.10.16"]
[Round "4"]
[White "Mihalev, Daniil"]
[Black "Todev, Simeon"]
[Result "0-1"]
[WhiteElo "1761"]
[BlackElo "1468"]
[PlyCount "56"]
[EventDate "2016.10.15"]
[EventType "swiss"]
[EventRounds "6"]
[EventCountry "BUL"]
[SourceTitle "EXT 2017"]
[Source "ChessBase"]
[SourceDate "2016.10.25"]
[SourceVersion "1"]
[SourceVersionDate "2016.10.25"]
[SourceQuality "1"]

1. Nf3 Nc6 2. b3 e6 3. Bb2 Nf6 4. e3 d5 5. Be2 Bd6 6. d4 0-0 7. 0-0 Nd7 8. c4 b6 9. Qc2 dxc4 10. Bxc4 Bb7 11. Nbd2 Na5 12. Bd3 f5 13. a3 Nc6 14. Bc4 Qe7 15. b4 Nd8 16. Rac1 Rc8 17. Qb3 a6 18. Qa2 b5 19. Bb3 Nf6 20. Rfe1 Re8 21. Ba1 Ne4 22. Nxe4 Bxe4 23. Nd2 Rf8 24. Nxe4 fxe4 25. Bc2 Bxh2+ 26. Kxh2 Qh4+ 27. Kg1 Qxf2+ 28. Kh1 Rf6 0-1

[Event "Sofia MGU op 169th"]
[Site "Sofia"]
[Date "2016.06.26"]
[Round "5"]
[White "Mihalev, Daniil"]
[Black "Kostov, Nikolai"]
[Result "0-1"]
[WhiteElo "1784"]
[BlackElo "1709"]
[PlyCount "64"]
[EventDate "2016.06.25"]
[EventType "swiss"]
[EventRounds "6"]
[EventCountry "BUL"]
[SourceTitle "EXT 2017"]
[Source "ChessBase"]
[SourceDate "2016.10.25"]
[SourceVersion "1"]
[SourceVersionDate "2016.10.25"]
[SourceQuality "1"]

1. Nf3 d5 2. g3 Nf6 3. Bg2 g6 4. 0-0 Bg7 5. d4 0-0 6. c4 dxc4 7. Na3 c6 8. Nxc4 Be6 9. Nce5 Nbd7 10. Ng5 Nxe5 11. Nxe6 fxe6 12. dxe5 Nd7 13. f4 Qb6+ 14. e3 Nc5 15. Qc2 Rad8 16. Kh1 g5 17. b3 gxf4 18. exf4 Nd3 19. Ba3 Rf7 20. Be4 Qa6 21. Bc1 Bxe5 22. Rb1 Nc5 23. Qxc5 Qxf1+ 24. Qg1 Qxg1+ 25. Kxg1 Rd1+ 26. Kf2 Bc3 27. Ke2 Re1+ 28. Kd3 Bb4 29. Ra1 Rf8 30. Bf3 Rd8+ 31. Kc2 Rf1 32. Bg4 Rf2+ 0-1

[Event "Sofia MGU op 169th"]
[Site "Sofia"]
[Date "2016.06.25"]
[Round "3"]
[White "Andreev, Dobrotich"]
[Black "Mihalev, Daniil"]
[Result "1-0"]
[WhiteElo "1931"]
[BlackElo "1784"]
[PlyCount "137"]
[EventDate "2016.06.25"]
[EventType "swiss"]
[EventRounds "6"]
[EventCountry "BUL"]
[SourceTitle "CBM 173 Extra"]
[Source "ChessBase"]
[SourceDate "2016.08.29"]
[SourceVersion "1"]
[SourceVersionDate "2016.08.29"]
[SourceQuality "1"]

1. e4 g6 2. d4 Bg7 3. c4 d6 4. Nc3 Nf6 5. f3 0-0 6. Be3 Nbd7 7. Qd2 c5 8. Nge2 b6 9. g4 cxd4 10. Nxd4 Bb7 11. 0-0-0 Rc8 12. Kb1 Ne5 13. g5 Nfd7 14. b3 Nc6 15. h4 Nde5 16. Be2 a6 17. f4 Nxd4 18. Bxd4 Nc6 19. Bxg7 Kxg7 20. h5 e5 21. Bg4 Rb8 22. Qh2 exf4 23. hxg6 Qxg5 24. Nd5 h6 25. Rdg1 Rh8 26. Bf5 Ne5 27. gxf7 Kxf7 28. Rxg5 hxg5 29. Qg1 Bxd5 30. cxd5 Kf6 31. Bh7 g4 32. Qh2 Ng6 33. Qh5 Rxh7 34. Qxh7 Rh8 35. Qxh8+ Nxh8 36. Rxh8 g3 37. Rg8 Ke5 38. Re8+ Kf6 39. Rg8 Ke5 40. Kc2 Kxe4 41. Kd2 Kf3 42. Rg6 Kf2 43. Rxd6 f3 44. Rg6 g2 45. d6 g1Q 46. Rxg1 Kxg1 47. d7 f2 48. d8Q f1Q 49. Qg5+ Kh1 50. Qh5+ Kg1 51. Qg4+ Kh1 52. Qe2 Qf4+ 53. Qe3 Qh2+ 54. Qe2 Qd6+ 55. Kc3 Qc5+ 56. Qc4 Qe5+ 57. Qd4 Qe1+ 58. Kc4 Qe2+ 59. Kb4 Qb5+ 60. Kc3 Qc6+ 61. Kb2 b5 62. Qd1+ Kg2 63. Qc2+ Qxc2+ 64. Kxc2 Kf3 65. Kc3 Ke4 66. Kb4 Kd5 67. Ka5 Kc5 68. Kxa6 Kc6 69. b4 1-0

[Event "Sofia MGU op 169th"]
[Site "Sofia"]
[Date "2016.06.25"]
[Round "2"]
[White "Mihalev, Daniil"]
[Black "Metev, Martin"]
[Result "1/2-1/2"]
[WhiteElo "1784"]
[BlackElo "2086"]
[PlyCount "119"]
[EventDate "2016.06.25"]
[EventType "swiss"]
[EventRounds "6"]
[EventCountry "BUL"]
[SourceTitle "CBM 173 Extra"]
[Source "ChessBase"]
[SourceDate "2016.08.29"]
[SourceVersion "1"]
[SourceVersionDate "2016.08.29"]
[SourceQuality "1"]

1. d4 e6 2. Nf3 b6 3. g3 Bb7 4. Bg2 d5 5. 0-0 Nd7 6. c4 Ngf6 7. Nbd2 Be7 8. b3 0-0 9. Bb2 c6 10. Qc2 Rc8 11. e4 dxe4 12. Nxe4 Nxe4 13. Qxe4 Nf6 14. Qe3 c5 15. Rad1 Qc7 16. Rfe1 Rfe8 17. Qe5 Nd7 18. Qxc7 Rxc7 19. d5 Bf6 20. dxe6 fxe6 21. Ne5 Bxg2 22. Kxg2 Nxe5 23. Bxe5 Bxe5 24. Rxe5 Kf7 25. f4 Ree7 26. Kf3 Rcd7 27. Ree1 Kf6 28. h4 h5 29. Ke4 g6 30. a4 a6 31. Rf1 Rf7 32. Rfe1 Rfe7 33. Rf1 b5 34. axb5 axb5 35. cxb5 Rxd1 36. Rxd1 Rb7 37. Rc1 Rxb5 38. Rc3 Ke7 39. Kd3 Kd6 40. Kc2 Rb4 41. Rd3+ Kc6 42. Re3 Kd6 43. Re5 c4 44. bxc4 Rxc4+ 45. Kd3 Rc8 46. Rg5 Rg8 47. Kd4 Ke7 48. Ke5 Kf7 49. g4 hxg4 50. Rxg4 Rh8 51. Ke4 Kf6 52. Kf3 Ra8 53. Rg5 Ra3+ 54. Kg4 Ra1 55. Rb5 Rg1+ 56. Kf3 Rd1 57. Kg4 Rd5 58. Rb8 Rd4 59. Rb5 Rd5 60. Rb8 1/2-1/2

[Event "Sofia MGU op 160th"]
[Site "Sofia"]
[Date "2016.01.09"]
[Round "1"]
[White "Mihalev, Daniil"]
[Black "Stoyanov, Ivan"]
[Result "1-0"]
[WhiteElo "1797"]
[BlackElo "1450"]
[PlyCount "83"]
[EventDate "2016.01.09"]
[EventType "swiss"]
[EventRounds "6"]
[EventCountry "BUL"]
[SourceTitle "CBM 170 Extra"]
[Source "ChessBase"]
[SourceDate "2016.02.25"]
[SourceVersion "1"]
[SourceVersionDate "2016.02.25"]
[SourceQuality "1"]

1. Nf3 d5 2. b3 c5 3. Bb2 Nc6 4. e3 a6 5. d4 cxd4 6. Nxd4 Bd7 7. Nd2 Nf6 8. N2f3 Bg4 9. Be2 Rc8 10. 0-0 e6 11. Nxc6 Rxc6 12. Ne5 Bxe2 13. Nxc6 Bxd1 14. Nxd8 Bxc2 15. Nxb7 Be4 16. Rfc1 d4 17. Nc5 dxe3 18. Nxe4 Nxe4 19. fxe3 f6 20. Rc8+ Kf7 21. Rac1 g5 22. R1c7+ Kg6 23. Ra7 Bc5 24. Rxh8 Bxe3+ 25. Kf1 Bxa7 26. Ra8 Be3 27. Rxa6 Kf5 28. g4+ Kxg4 29. Rxe6 f5 30. a4 Bf4 31. Kg2 Bd2 32. b4 Bxb4 33. h3+ Kh5 34. Bg7 g4 35. Rh6+ Kg5 36. h4+ Kf4 37. Rxh7 Nc5 38. Bf8 Ke4 39. Bxc5 Bxc5 40. a5 f4 41. a6 g3 42. Rf7 1-0

[Event "Sofia MGU op 156th"]
[Site "Sofia"]
[Date "2015.11.28"]
[Round "1"]
[White "Metev, Martin"]
[Black "Mihalev, Daniil"]
[Result "0-1"]
[WhiteElo "2003"]
[BlackElo "1754"]
[PlyCount "72"]
[EventDate "2015.11.28"]
[EventType "swiss"]
[EventRounds "6"]
[EventCountry "BUL"]
[SourceTitle "CBM 169 Extra"]
[Source "ChessBase"]
[SourceDate "2015.12.18"]
[SourceVersion "1"]
[SourceVersionDate "2015.12.18"]
[SourceQuality "1"]

1. e4 e6 2. d4 c5 3. Nf3 cxd4 4. Nxd4 Nf6 5. Nc3 Bb4 6. Bd3 Nc6 7. Nb3 d5 8. exd5 Nxd5 9. Bd2 0-0 10. Nxd5 Qxd5 11. 0-0 b6 12. Re1 Be7 13. Be4 Qd6 14. Qh5 g6 15. Qf3 Bb7 16. Bf4 Qd7 17. Rad1 Qc8 18. Bh6 Rd8 19. Qc3 f6 20. Rxd8+ Bxd8 21. Bd5 exd5 22. Re8+ Kf7 23. Rf8+ Ke6 24. Qe3+ Kd6 25. Rh8 Qe6 26. Qg3+ Kd7 27. Rxh7+ Ne7 28. Be3 Bc7 29. Qxg6 Rg8 30. Qd3 Qe4 31. Qxe4 dxe4 32. Nd4 Bd5 33. h4 Kd8 34. h5 f5 35. h6 Be5 36. Ne2 Bxb2 0-1

[Event "Sofia MGU op 155th"]
[Site "Sofia"]
[Date "2015.11.15"]
[Round "5"]
[White "Mihalev, Daniil"]
[Black "Tagarev, Ivan"]
[Result "1-0"]
[WhiteElo "1754"]
[BlackElo "1587"]
[PlyCount "47"]
[EventDate "2015.11.14"]
[EventType "swiss"]
[EventRounds "6"]
[EventCountry "BUL"]
[SourceTitle "CBM 169 Extra"]
[Source "ChessBase"]
[SourceDate "2015.12.18"]
[SourceVersion "1"]
[SourceVersionDate "2015.12.18"]
[SourceQuality "1"]

1. Nf3 Nf6 2. g3 d5 3. Bg2 e6 4. d4 c5 5. 0-0 Nc6 6. b3 b6 7. Bb2 Be7 8. c4 Bb7 9. Nbd2 0-0 10. Qc2 Qc7 11. a3 Rfd8 12. dxc5 Bxc5 13. cxd5 Nxd5 14. Ng5 g6 15. Nde4 Nd4 16. Qd3 Nf5 17. Nxc5 Qxc5 18. Rac1 Qe7 19. e4 Qxg5 20. exd5 Bxd5 21. Qc3 f6 22. f4 Qg4 23. Qxf6 Bxg2 24. Rc7 1-0

[Event "Sofia MGU op 155th"]
[Site "Sofia"]
[Date "2015.11.14"]
[Round "1"]
[White "Mihalev, Daniil"]
[Black "Kanov, Nikola"]
[Result "1-0"]
[WhiteElo "1754"]
[BlackElo "1331"]
[PlyCount "111"]
[EventDate "2015.11.14"]
[EventType "swiss"]
[EventRounds "6"]
[EventCountry "BUL"]
[SourceTitle "CBM 169 Extra"]
[Source "ChessBase"]
[SourceDate "2015.12.18"]
[SourceVersion "1"]
[SourceVersionDate "2015.12.18"]
[SourceQuality "1"]

1. Nf3 d5 2. b3 Nf6 3. Bb2 Bf5 4. e3 e6 5. Be2 Bd6 6. d4 0-0 7. 0-0 Nc6 8. c4 h6 9. Nbd2 Qe7 10. c5 Bxc5 11. dxc5 Qxc5 12. Rc1 Qd6 13. Nd4 Nxd4 14. Bxd4 Nd7 15. Nf3 c5 16. Bb2 b6 17. Bd3 Bxd3 18. Qxd3 a5 19. Rfd1 Rad8 20. Rd2 Nb8 21. Rcd1 Rd7 22. Qb5 Rfd8 23. Be5 Qc6 24. Qe2 Qb7 25. a4 f6 26. Bxb8 Qxb8 27. Nh4 e5 28. Qg4 Qb7 29. Qe6+ Kh8 30. g4 d4 31. Ng6+ Kh7 32. Qf5 Kg8 33. h4 Rf7 34. Qd3 Qd7 35. f3 Qb7 36. Kf2 Rfd7 37. e4 Kf7 38. h5 Qc6 39. Rc1 Rc8 40. Kg2 Kg8 41. Qc4+ Kh7 42. Kf2 Rcd8 43. Ke2 Qc7 44. Kd3 Rd6 45. b4 Rc8 46. Rb2 Rd7 47. bxc5 bxc5 48. Qxc5 Qxc5 49. Rxc5 Rxc5 50. Rb8 Rc3+ 51. Kd2 Rc2+ 52. Kxc2 Rc7+ 53. Kd2 Rc2+ 54. Kxc2 d3+ 55. Kb2 d2 56. Rh8# 1-0

[Event "Sofia MGU 153rd"]
[Site "Sofia"]
[Date "2015.10.25"]
[Round "5"]
[White "Mladenov, Andrey"]
[Black "Mihalev, Daniil"]
[Result "0-1"]
[WhiteElo "1604"]
[BlackElo "1729"]
[PlyCount "46"]
[EventDate "2015.10.24"]
[EventType "swiss"]
[EventRounds "6"]
[EventCountry "BUL"]
[SourceTitle "CBM 168 Extra"]
[Source "ChessBase"]
[SourceDate "2015.10.29"]
[SourceVersion "1"]
[SourceVersionDate "2015.10.29"]
[SourceQuality "1"]

1. e4 e6 2. d4 b6 3. Nf3 Bb7 4. Nc3 Bb4 5. Bd3 Nf6 6. Qe2 d5 7. e5 Ne4 8. Bd2 Nxd2 9. Qxd2 Nd7 10. a3 Be7 11. 0-0 c5 12. Qf4 Qc7 13. Nd1 f5 14. c3 g6 15. Ne3 a6 16. Rac1 h6 17. Qg3 g5 18. Qh3 0-0-0 19. Qh5 Rdg8 20. Qf7 Nf8 21. dxc5 Bxc5 22. Qxc7+ Kxc7 23. c4 d4 0-1

[Event "Sofia MGU op 152nd"]
[Site "Sofia"]
[Date "2015.10.04"]
[Round "6"]
[White "Andreev, Dobrotich"]
[Black "Mihalev, Daniil"]
[Result "1/2-1/2"]
[WhiteElo "1906"]
[BlackElo "1729"]
[PlyCount "35"]
[EventDate "2015.10.03"]
[EventType "swiss"]
[EventRounds "6"]
[EventCountry "BUL"]
[SourceTitle "CBM 168 Extra"]
[Source "ChessBase"]
[SourceDate "2015.10.29"]
[SourceVersion "1"]
[SourceVersionDate "2015.10.29"]
[SourceQuality "1"]

1. e4 g6 2. d4 Bg7 3. c4 c5 4. Ne2 cxd4 5. Nxd4 Nc6 6. Be3 Nf6 7. f3 0-0 8. Nc3 d6 9. Qd2 Nxd4 10. Bxd4 Be6 11. 0-0-0 Qc7 12. Kb1 Bxc4 13. Rc1 Bxf1 14. Nd5 Qd7 15. Nxf6+ Bxf6 16. Bxf6 exf6 17. Rhxf1 f5 18. e5 1/2-1/2

[Event "Sofia MGU op 152nd"]
[Site "Sofia"]
[Date "2015.10.03"]
[Round "1"]
[White "Mihalev, Daniil"]
[Black "Antonov, Georgi"]
[Result "1-0"]
[WhiteElo "1729"]
[BlackElo "1454"]
[PlyCount "83"]
[EventDate "2015.10.03"]
[EventType "swiss"]
[EventRounds "6"]
[EventCountry "BUL"]
[SourceTitle "CBM 168 Extra"]
[Source "ChessBase"]
[SourceDate "2015.10.29"]
[SourceVersion "1"]
[SourceVersionDate "2015.10.29"]
[SourceQuality "1"]

1. Nf3 c5 2. b3 d5 3. Bb2 Nc6 4. e3 Bg4 5. Be2 e6 6. h3 Bh5 7. d4 cxd4 8. Nxd4 Bxe2 9. Qxe2 Bb4+ 10. Nd2 Nf6 11. 0-0-0 Rc8 12. Qb5 Qe7 13. Kb1 a6 14. Qd3 Ne5 15. Qe2 Ba3 16. Ba1 Qc7 17. e4 Ned7 18. exd5 Nxd5 19. c4 N5f6 20. g4 0-0 21. Qe3 Bd6 22. Qc3 Bf4 23. f3 b5 24. Qd3 Nc5 25. Qe2 Bxd2 26. Rxd2 bxc4 27. Qxc4 Qf4 28. Rc2 Qb8 29. Rhc1 Qb6 30. Bb2 Ncd7 31. Qxc8 Rxc8 32. Rxc8+ Nf8 33. R1c6 Qb4 34. a3 Qe7 35. Rxa6 h6 36. Raa8 N6d7 37. Ka2 Kh7 38. a4 Qd6 39. Ra7 Qd5 40. Rcc7 e5 41. Nf5 Nc5 42. Rxc5 1-0

[Event "Sofia MGU op 146th"]
[Site "Sofia"]
[Date "2015.06.28"]
[Round "5"]
[White "Varbanov, Vladimir"]
[Black "Mihalev, Daniil"]
[Result "0-1"]
[WhiteElo "1632"]
[BlackElo "1674"]
[PlyCount "28"]
[EventDate "2015.06.27"]
[EventType "swiss"]
[EventRounds "6"]
[EventCountry "BUL"]
[SourceTitle "CBM 167 Extra"]
[Source "ChessBase"]
[SourceDate "2015.09.14"]
[SourceVersion "1"]
[SourceVersionDate "2015.09.14"]
[SourceQuality "1"]

1. d4 Nf6 2. c4 e6 3. Nc3 b6 4. Bg5 Bb7 5. e3 h6 6. Bh4 Be7 7. Nf3 d5 8. Bd3 0-0 9. 0-0 c5 10. Rc1 Nbd7 11. cxd5 Nxd5 12. Bxe7 Qxe7 13. e4 cxd4 14. exd5 dxc3 0-1